01444 2200661 4500001002100000005001500021035002000036245002700056100002300083250000600106300003100112740002700143264003400170336002100204337003000225338002300255082001000278084001600288020002200304990001200326990001200338990001200350990001200362990001200374990001200386990001200398990001200410990001200422990001200434990001200446990001200458990001200470990001200482990001200494990001200506990001200518990001200530990001200542990001200554990001200566990001200578990001200590990001200602990001200614990001200626990001200638990001200650990001200662990001200674990001200686990001200698990001200710990001200722990001200734990001200746990001200758990001200770INLIS00000000000008420220613012138 a0010-06220000811 aEkonomi XII /cNurhadi0 aNurhadiePengarang a1 a312 :bIlustrasi ;c27 cm. aLensa Kegiatan Ekonomi aJakarta :bBumi Aksara,c2016 2rdacontentaTeks 2rdamediaaTanpa Perantara 2rdacarrieraVolume a330.7 a330.7 NUR e a978-602-217-742-5 a210.529 a210.530 a210.531 a210.532 a210.533 a210.534 a210.535 a210.536 a210.537 a210.538 a210.539 a210.540 a210.541 a210.542 a210.543 a210.544 a210.545 a210.546 a210.547 a210.548 a210.549 a210.550 a210.551 a210.552 a210.553 a210.554 a210.555 a210.556 a210.557 a210.558 a210.559 a210.560 a210.561 a210.562 a210.563 a210.564 a210.565 a210.566